Giáo trình vi sinh thú y
Cung cấp những kiến thức cơ bản về vi sinh vật học thú y, những lý luận khoa học về sinh lý của vi sinh vật, truyền nhiễm học, miễn dịch học
Gardado en:
| Autor Principal: | |
|---|---|
| Formato: | Libro |
| Idioma: | Undetermined |
| Publicado: |
Cần Thơ
Đại học Cần Thơ
2009
|
| Những chủ đề: | |
| Các nhãn: |
Engadir etiqueta
Sen Etiquetas, Sexa o primeiro en etiquetar este rexistro!
|
| Thư viện lưu trữ: | Trung tâm Học liệu Trường Đại học Cần Thơ |
|---|
| LEADER | 00802nam a2200193Ia 4500 | ||
|---|---|---|---|
| 001 | CTU_155517 | ||
| 008 | 210402s9999 xx 000 0 und d | ||
| 082 | |a 636.08960194 | ||
| 082 | |b M107 | ||
| 100 | |a Lưu, Hữu Mãnh | ||
| 245 | 0 | |a Giáo trình vi sinh thú y | |
| 245 | 0 | |c Lưu Hữu Mãnh | |
| 260 | |a Cần Thơ | ||
| 260 | |b Đại học Cần Thơ | ||
| 260 | |c 2009 | ||
| 520 | |a Cung cấp những kiến thức cơ bản về vi sinh vật học thú y, những lý luận khoa học về sinh lý của vi sinh vật, truyền nhiễm học, miễn dịch học | ||
| 650 | |a Veterinary microbiology,Veterinary virology,Veterinary immunology,Vi sinh thú y | ||
| 904 | |i Năm | ||
| 980 | |a Trung tâm Học liệu Trường Đại học Cần Thơ | ||